| 000 | 00683cam a2200253 4500500 | ||
|---|---|---|---|
| 005 | 20260405002712.0 | ||
| 041 | _afre | ||
| 042 | _adc | ||
| 100 | 1 | 0 |
_aEltchaninoff, Michel _eauthor |
| 245 | 0 | 0 | _aDuels d’excellence |
| 260 | _c2018. | ||
| 500 | _a38 | ||
| 690 | _aDuel | ||
| 690 | _aÉpicuriens | ||
| 690 | _aLeibniz | ||
| 690 | _aMarc Aurèle | ||
| 690 | _aMatch | ||
| 690 | _aPascal | ||
| 690 | _aPerfection | ||
| 690 | _aRuwen Ogien | ||
| 690 | _aStoïciens | ||
| 786 | 0 | _nPhilosophie magazine | 119 | 5 | 2018-05-01 | p. 31-33 | 1951-1787 | |
| 856 | 4 | 1 | _uhttps://shs.cairn.info/magazine-philosophie-magazine-2018-5-page-31?lang=fr&redirect-ssocas=7080 |
| 999 |
_c2060249 _d2060249 |
||